|
|
|
|
| LEADER |
00000nam a2200000 a 4500 |
| 001 |
vtls001354778 |
| 003 |
SK-MaSNL |
| 005 |
20260301114917.0 |
| 008 |
240313s1942 SI 0 slv |
| 020 |
|
|
|c 15,00
|
| 035 |
|
|
|a SNK000308227
|
| 040 |
|
|
|a SNK
|b slo
|c SNK
|e AACR2
|
| 044 |
|
|
|a SI
|
| 080 |
|
|
|a 392.51(497.1)
|2 1981
|
| 100 |
1 |
|
|a Novak, V.
|4 aut
|9 296671
|
| 245 |
1 |
|
|a Apotropejske prvine v slovenskih ženitovanjskich običajih
|c V. Novak
|
| 260 |
|
|
|a Ljubljana
|b [s.n.]
|c 1942
|
| 300 |
|
|
|a S. 47-52
|c 24 cm
|
| 650 |
0 |
7 |
|a svadobné zvyky
|2 SNKPH
|9 28054
|
| 651 |
|
7 |
|a Slovinsko
|2 SNKPHgeo
|9 18915
|
| 999 |
|
|
|c 720213
|d 722143
|
| 952 |
|
|
|t P60, <03>, [BOOK], {603}
|a SNK
|b SNK
|y PREZ
|7 0
|p 17A0179493
|o snkOSC 20135
|i snkK 387/99
|0 0
|1 0
|4 0
|d 1999-02-09
|l 0
|r 2005-01-02 00:00:00
|w 2026-02-23
|